000 00622nam a2200277Ia 4500
005 20260401122416.0
008 008 250103s9999 xx 000 0 eng d
020 _a1843311607
037 _aTB
040 _aEDL
040 _beng
040 _cEDL
041 _2eng
041 _aeng
084 _a809.93 ZWI
084 _qEDL
245 0 _aUnmapped Countries: Biological visions in 19th Literature and culture
260 _aLondon
260 _bAnthem Press
260 _c2005
300 _a282p
942 _cTB
942 _h809.93 ZWI
999 _c1847079
_d1847079